| 000 | 00383nam a22001457a 4500 | ||
|---|---|---|---|
| 020 | _a0-13-251371-4 | ||
| 082 | _a621.381 RYD'E | ||
| 100 |
_aRYDER, J. D _98993 |
||
| 245 | _aELECTRONIC FUNDAMENTALS AND APPLICATIONS INTERGRATED AND DISCRETE SYSTEMS | ||
| 250 | _a5TH | ||
| 260 |
_aNEWJERSCY _bPRENTICE HALL _c1976 |
||
| 300 | _a538P | ||
| 650 |
_aELECTRONICS _910521 |
||
| 942 | _cBK | ||
| 999 |
_c583490 _d583490 |
||